000 00389nam a2200133Ia 4500
003 GCL
008 140319s9999 xx 000 0 ara d
040 _aGCL /
_cGCL
082 0 4 _a330.962
_bع ا
245 1 0 _aالانفتاح الاقتصادى بين النظرية والتطبيق
260 _a[S.N] :
_bدار المعرفة الجامعية ،
_c1989
300 _a240 ص
490 _a
999 _c36104
_d36104